A GUIDE TO MENTAL HEALTH & PSYCHIATRIC NIRSING (Record no. 2116)

MARC details
000 -LEADER
fixed length control field 00361nam a2200145Ia 4500
008 - FIXED-LENGTH DATA ELEMENTS--GENERAL INFORMATION
fixed length control field 150201s2010 xx 000 0 und d
082 ## - DEWEY DECIMAL CLASSIFICATION NUMBER
Classification number 610.7368
Item number G10S
100 ## - MAIN ENTRY--PERSONAL NAME
Personal name SREEVANI , R.
245 #2 - TITLE STATEMENT
Title A GUIDE TO MENTAL HEALTH & PSYCHIATRIC NIRSING
250 ## - EDITION STATEMENT
Edition statement 3RD
260 ## - PUBLICATION, DISTRIBUTION, ETC. (IMPRINT)
Name of publisher, distributor, etc. JAYPEE
Place of publication, distribution, etc. DELHI
Date of publication, distribution, etc. 2010
300 ## - PHYSICAL DESCRIPTION
Extent 389
650 ## - SUBJECT ADDED ENTRY--TOPICAL TERM
Topical term or geographic name as entry element PSYCHIATRY
942 ## - ADDED ENTRY ELEMENTS (KOHA)
Source of classification or shelving scheme Dewey Decimal Classification
Koha item type Books
Koha issues (borrowed), all copies 82
Holdings
Withdrawn status Lost status Source of classification or shelving scheme Damaged status Not for loan Collection code Home library Current library Shelving location Date acquired Source of acquisition Cost, normal purchase price SGTU Bill Number Total Checkouts Full call number Barcode Date last seen Date last checked out Bill Date Koha item type Total Renewals
weeded-out   Dewey Decimal Classification     NURSING SGT Medical Library SGT Medical Library Text Book 28/01/2013 NBM DELHI 375.00 SGTU 1345 37 610.7368 G10S FN936 24/11/2021 18/11/2021 28/01/2013 Books  
    Dewey Decimal Classification     NURSING SGT Medical Library SGT Medical Library Text Book 28/01/2013 NBM DELHI 375.00 SGTU 1345 80 610.7368 G10S FN937 09/12/2024 27/11/2024 28/01/2013 Books 2
weeded-out   Dewey Decimal Classification     NURSING SGT Medical Library SGT Medical Library Text Book 28/01/2013 NBM DELHI 375.00 SGTU 1345 46 610.7368 G10S FN938 11/02/2021 21/01/2021 28/01/2013 Books  
weeded-out   Dewey Decimal Classification     NURSING SGT Medical Library SGT Medical Library Text Book 28/01/2013 NBM DELHI 375.00 SGTU 1345 36 610.7368 G10S FN939 15/07/2021 13/04/2021 28/01/2013 Books  
    Dewey Decimal Classification     NURSING SGT Medical Library SGT Medical Library Text Book 28/01/2013 NBM DELHI 375.00 SGTU 1345 74 610.7368 G10S FN940 08/11/2025 06/11/2025 28/01/2013 Books 1